| 000 | 00671nam a2200205 i 4500 | ||
|---|---|---|---|
| 001 | 24011 | ||
| 003 | ES-MaACL | ||
| 005 | 20250730075635.0 | ||
| 007 | t| | ||
| 008 | 021213s1975 sp ||||1| spa d | ||
| 020 | _a84-7232-244-0 | ||
| 100 | 1 |
_aAndré-Vincent, Ph. I. _921545 |
|
| 245 | 1 | 0 |
_aDerecho de los indios y desarrollo en Hispanoamérica / _cPhilippe I. André-Vincent ; [traductor, Francisco Ortiz Chaparro]. |
| 260 |
_aMadrid : _bCultura Hispánica, _c1975. |
||
| 300 |
_a186 p. ; _c18 cm. |
||
| 650 | 4 |
_aIndios de América- _xTrato recibido _913674 |
|
| 700 | 1 |
_aOrtiz Chaparro, Francisco. _987586 |
|
| 852 |
_aES-MaACL _jE-7434 |
||
| 999 |
_c24011 _d24011 |
||